[Event "Salvador Bahia"]
[Site "Salvador"]
[Date "2011.07.10"]
[Round "9.7"]
[White "Rodrigues do Amaral, Gileno"]
[Black "Silva, Jose Romain T Da Co"]
[Result "1-0"]
[WhiteElo "1923"]
[BlackElo "1856"]
[PlyCount "85"]
[EventDate "2011.07.01"]
[EventType "swiss"]
[EventRounds "9"]
[EventCountry "BRA"]
[SourceTitle "EXT 2022"]
[Source "ChessBase"]
[SourceDate "2021.10.06"]
[SourceVersion "1"]
[SourceVersionDate "2021.10.06"]
[SourceQuality "1"]

1. e4 c5 2. Nf3 d6 3. d4 cxd4 4. Qxd4 Nc6 5. Bb5 Bd7 6. Bxc6 Bxc6 7. c4 e5 8. Qd3 Be7 9. Nc3 a6 10. 0-0 Nf6 11. h3 0-0 12. a4 Qd7 13. a5 Rab8 14. Be3 h6 15. Rfd1 Rfe8 16. Qc2 Qe6 17. b3 Nh7 18. b4 Qxc4 19. Nd2 Qe6 20. Na4 Qg6 21. f3 Ng5 22. Kf2 d5 23. Bxg5 Bxg5 24. Nc5 Bh4+ 25. Kg1 d4 26. Nc4 Bb5 27. Nb6 Bg5 28. g4 Be3+ 29. Kg2 Qc6 30. Qb3 Rbd8 31. Ra2 Rd6 32. Nd5 Bg5 33. Rc2 Qc8 34. Nxa6 Rc6 35. Nc5 Be7 36. Rdc1 Bxc5 37. Rxc5 Be2 38. Qa4 Ree6 39. Rxc6 Rxc6 40. Rxc6 bxc6 41. Ne7+ Kh7 42. Nxc8 Bb5 43. Qd1 1-0

[Event "Salvador 05"]
[Site "Salvador"]
[Date "2009.05.16"]
[Round "9"]
[White "Ferreira da Silva, Jonathan"]
[Black "Rodrigues do Amaral, Gileno"]
[Result "0-1"]
[WhiteElo "1749"]
[BlackElo "1830"]
[PlyCount "60"]
[EventDate "2009.05.01"]
[EventType "tourn"]
[EventRounds "11"]
[EventCountry "BRA"]
[SourceTitle "EXT 2012"]
[Source "ChessBase"]
[SourceDate "2011.11.24"]
[SourceVersion "1"]
[SourceVersionDate "2011.11.24"]
[SourceQuality "1"]

1. e4 Nf6 2. e5 Nd5 3. c4 Nb6 4. d4 d6 5. f4 dxe5 6. fxe5 Bf5 7. Qf3 Bxb1 8. Rxb1 Qxd4 9. Qf4 Qxf4 10. Bxf4 e6 11. a3 Nc6 12. Nf3 Rd8 13. Be2 h6 14. 0-0 Bc5+ 15. Kh1 0-0 16. Rbd1 g5 17. Bg3 g4 18. Nd2 Bd4 19. Ne4 Bxe5 20. Nf6+ Bxf6 21. Rxf6 Rxd1+ 22. Bxd1 Kg7 23. Rf4 f5 24. Bh4 Rf7 25. h3 Rd7 26. Bb3 h5 27. hxg4 hxg4 28. Be1 Kg6 29. Bc2 Kg5 30. Rf2 Nxc4 0-1

[Event "Salvador 05"]
[Site "Salvador"]
[Date "2009.05.01"]
[Round "2"]
[White "Rodrigues do Amaral, Gileno"]
[Black "Silva, Gilberto Oliveira E"]
[Result "1/2-1/2"]
[WhiteElo "1830"]
[BlackElo "1863"]
[PlyCount "98"]
[EventDate "2009.05.01"]
[EventType "tourn"]
[EventRounds "11"]
[EventCountry "BRA"]
[SourceTitle "EXT 2012"]
[Source "ChessBase"]
[SourceDate "2011.11.24"]
[SourceVersion "1"]
[SourceVersionDate "2011.11.24"]
[SourceQuality "1"]

1. e4 c6 2. d4 d5 3. Nc3 dxe4 4. Nxe4 Bf5 5. Nc5 b6 6. Nb3 e6 7. Bd3 Bxd3 8. Qxd3 Nf6 9. Nf3 Bd6 10. 0-0 Nbd7 11. h3 Rc8 12. c4 c5 13. dxc5 Nxc5 14. Nxc5 Rxc5 15. Rd1 Be7 16. Qe2 Qc7 17. b3 0-0 18. Ba3 Rc6 19. Bxe7 Qxe7 20. Nd4 Rd6 21. Rd3 Qd7 22. Rad1 Rd8 23. Qe3 Ne8 24. R3d2 Nc7 25. Nf3 Qe7 26. Ne5 Rxd2 27. Rxd2 Rxd2 28. Qxd2 Ne8 29. b4 f6 30. Nf3 Kf7 31. a3 Qc7 32. Qc2 g6 33. Qd3 Nd6 34. Nd2 Qc6 35. g4 e5 36. f3 f5 37. Qc2 Kf6 38. a4 a6 39. f4 exf4 40. Qc3+ Ke6 41. Nf3 Qxc4 42. Qe5+ Kd7 43. Qg7+ Kc8 44. Qf8+ Kb7 45. Qxd6 Qe4 46. Nh2 Qe3+ 47. Kg2 Qg3+ 48. Kh1 Qe1+ 49. Kg2 Qg3+ 1/2-1/2

[Event "Salvador 05"]
[Site "Salvador"]
[Date "2009.05.01"]
[Round "3"]
[White "Silveira, Antonio Mendonca"]
[Black "Rodrigues do Amaral, Gileno"]
[Result "0-1"]
[WhiteElo "1844"]
[BlackElo "1830"]
[PlyCount "92"]
[EventDate "2009.05.01"]
[EventType "tourn"]
[EventRounds "11"]
[EventCountry "BRA"]
[SourceTitle "EXT 2012"]
[Source "ChessBase"]
[SourceDate "2011.11.24"]
[SourceVersion "1"]
[SourceVersionDate "2011.11.24"]
[SourceQuality "1"]

1. c4 Nf6 2. Nc3 c6 3. Nf3 d5 4. cxd5 cxd5 5. d4 Nc6 6. g3 Bf5 7. Bg2 h6 8. Qb3 Na5 9. Qb5+ Bd7 10. Qd3 a6 11. Ne5 Be6 12. 0-0 Nc6 13. Nxc6 bxc6 14. Na4 Bg4 15. h3 Bh5 16. Bf4 e6 17. Rac1 Qa5 18. Qc2 Rc8 19. Rfe1 Bb4 20. Nc3 0-0 21. a3 Be7 22. Qa4 Qxa4 23. Nxa4 Nd7 24. Rc2 Bg6 25. Rc3 c5 26. dxc5 Bf6 27. Rb3 e5 28. Bd2 Nxc5 29. Nxc5 Rxc5 30. Rb6 a5 31. b4 Rc2 32. Bxh6 Bd8 33. Rb5 gxh6 34. bxa5 e4 35. Rxd5 Bf6 36. a6 Rc6 37. a7 Ra6 38. Rd7 Ra8 39. Rb1 R8xa7 40. Rb8+ Kg7 41. Rd1 Rxa3 42. Kh2 Ra2 43. Rc1 Rxe2 44. Rcc8 Rxf2 45. Rg8+ Kh7 46. g4 Be5+ 0-1